|
|
|
|
| LEADER |
00000nam0a2200000 4500 |
| 001 |
341601 |
| 005 |
20231102005349.0 |
| 010 |
|
|
|a 978597292668
|
| 035 |
|
|
|a (RuTPU)RU\TPU\book\369820
|
| 090 |
|
|
|a 341601
|
| 100 |
|
|
|a 20181017d2019 m y0rusy50 ca
|
| 101 |
0 |
|
|a rus
|
| 102 |
|
|
|a RU
|
| 105 |
|
|
|a a j 001zy
|
| 200 |
1 |
|
|a Волоконно-оптические линии связи и их защита от внешних влияний
|e учебное пособие
|f С. А. Соколов
|
| 210 |
|
|
|a Москва
|c Инфра-Инженерия
|d 2019
|
| 215 |
|
|
|a 169 с.
|c ил.
|
| 320 |
|
|
|a Библиогр.: с. 168-169
|
| 330 |
|
|
|a Даны основные сведения о физических основах, строении и применении оптических волокон, принципах и технологии передачи оптических сигналов, строительстве и эксплуатации волоконно-оптических линий и перспективах их развития.
|
| 606 |
1 |
|
|a ВОЛС:Волоконные оптические линии связи
|2 stltpush
|3 (RuTPU)RU\TPU\subj\3650
|9 32035
|
| 610 |
1 |
|
|a сигналы
|
| 610 |
1 |
|
|a передача
|
| 610 |
1 |
|
|a оптическое волокно
|
| 610 |
1 |
|
|a дисперсия
|
| 610 |
1 |
|
|a затухание
|
| 610 |
1 |
|
|a изготовление
|
| 610 |
1 |
|
|a оптические кабели
|
| 610 |
1 |
|
|a волновое уравнение
|
| 610 |
1 |
|
|a нелинейные явления
|
| 610 |
1 |
|
|a оптические усилители
|
| 610 |
1 |
|
|a мультиплексирование
|
| 610 |
1 |
|
|a фотонно-кристаллические волокна
|
| 610 |
1 |
|
|a оптические кабельные магистрали
|
| 610 |
1 |
|
|a строительство
|
| 610 |
1 |
|
|a солитоны
|
| 610 |
1 |
|
|a внешние электромагнитные влияния
|
| 610 |
1 |
|
|a защита
|
| 610 |
1 |
|
|a учебные пособия
|
| 675 |
|
|
|a 621.391.6(075.8)
|v 4
|
| 700 |
|
1 |
|a Соколов
|b С. А.
|g Станислав Александрович
|
| 801 |
|
1 |
|a RU
|b 63413507
|c 20181017
|
| 801 |
|
2 |
|a RU
|b 63413507
|c 20191002
|g RCR
|
| 942 |
|
|
|c BK
|
| 959 |
|
|
|a 3/20180221
|d 1
|e 810,00
|f ЧЗТЛ:1
|